• 首页
  • 本馆介绍
  • 公告通知
  • 最新文献
  • 馆藏检索
  • 电子资源
  • 读者导购
  • 参考咨询
  • 我的图书馆
  • 登录
  • 详细信息显示
  • 放入我的书架
  • 预约/预借图书
  • 作者相关作品
  • 分类相关作品
  • 丛书相关作品
  • 出版社相关作品

书目信息

  • 表格格式
  • 工作单格式
  • 卡片格式
题名:
我国档案生态安全应急管理机制研究
    
 
作者: 张艳欣 著
分册:  
出版信息: 北京   人民出版社  2021.04
页数: 389页
开本: 24cm
丛书名: 国家社科基金丛书
单 册:
中图分类: G279.2
科图分类:
主题词: 档案管理--生态安全--突发事件--公共管理--研究--中国
电子资源:
ISBN: 978-7-01-023231-7
000 01433nam0 2200277 450
001 012001001297
005 20141202134404.0
010    @a978-7-01-023231-7@dCNY95.00
100    @a20220905d2021 em y0chiy50 ea
101 0  @achi
102    @aCN@b110000
105    @ay z 000yy
106    @ar
200 1  @a我国档案生态安全应急管理机制研究@Awo guo dang an sheng tai an quan ying ji guan li ji zhi yan jiu@d= A study of emergency management mechanism of archives ecological security in China@f张艳欣著@zeng
210    @a北京@c人民出版社@d2021.04
215    @a389页@d24cm
225 1  @a国家社科基金丛书
225 1  @a国家治理体系与治理能力现代化系列丛书@i应急管理篇
300    @a河北大学燕赵文化高等研究院 河北大学燕赵文化研究院学科建设经费资助
330    @a本书以生态学理论为指导,将生态安全概念引入档案安全保护研究中,基于对我国档案生态安全现状的调研,分析档案生态安全应急管理的相关机理、运行机制,探讨档案生态安全应急管理水平的提升路径。在此基础上,结合档案生态系统应急管理工作的具体特点,构建档案生态系统应急管理能力成熟度模型,并基于层次分析法,构建定量与定性相结合的档案生态系统应急管理能力评价指标体系。
510 1  @aStudy of emergency management mechanism of archives ecological security in China@zeng
606 0  @a档案管理@x生态安全@x突发事件@x公共管理@x研究@y中国
690    @aG279.2@v5
701  0 @a张艳欣@Azhang yan xin@f(1976.5~)@4著
801  0 @aCN@bAHXH@c20221111
905    @b1370889-91@dG279.2@e262@f3
    
    我国档案生态安全应急管理机制研究= A study of emergency management mechanism of archives ecological security in China/张艳欣著.-北京:人民出版社,2021.04
    389页;24cm.-(国家社科基金丛书).-(国家治理体系与治理能力现代化系列丛书.应急管理篇)
    河北大学燕赵文化高等研究院 河北大学燕赵文化研究院学科建设经费资助
    
    ISBN 978-7-01-023231-7:CNY95.00
    本书以生态学理论为指导,将生态安全概念引入档案安全保护研究中,基于对我国档案生态安全现状的调研,分析档案生态安全应急管理的相关机理、运行机制,探讨档案生态安全应急管理水平的提升路径。在此基础上,结合档案生态系统应急管理工作的具体特点,构建档案生态系统应急管理能力成熟度模型,并基于层次分析法,构建定量与定性相结合的档案生态系统应急管理能力评价指标体系。
●
相关链接 在E读中查询图书 在五车中查询图书 在当当中查询图书 在豆瓣中查询图书


正题名:我国档案生态安全应急管理机制研究     索取号:G279.2/262         预约/预借

序号 登录号 条形码 馆藏地/架位号 状态 备注
1 1370889   213708898   第一样本阅览室/ [索取号:G279.2/262] 在馆    
2 1370890   213708905   第四借阅区/ [索取号:G279.2/262] 在馆    
3 1370891   213708914   第四借阅区/ [索取号:G279.2/262] 在馆    
唐山师范学院图书馆 欢迎您!
大连网信软件有限公司© 版权所有